000 00951nam a22003017a 4500
003 CHAP
005 20220329141818.0
008 971013s1977 r 00010 d
010 _a74238
011 _a75210
035 _a84770
040 _cCHAP
082 _a641.1
_bH38Y
100 0 0 _aHart, F. Leslie.
_952924
245 _aAnĂ¡lisis moderno de los alimentos
260 _aZaragoza :
_bAcribia,
_c1977
300 _a619 p.
_b: ilus.
590 _aBATCH-UPD
_b10
_c20130110
_lUCH01
_h0406
590 _aBATCH-UPD
_b10
_c20130410
_lUCH01
_h0039
590 _aBATCH-UPD
_b10
_c20130914
_lUCH01
_h0151
590 _aCONVERSION
_b10
_c20130109
_lUCH01
_h1341
650 1 4 _aAlimentos
_xAnĂ¡lisis.
_94164
700 0 _aFisher, Harry Johnstone.
_941094
901 _aBK
942 _cLIBRO
949 _a641.1 H38Y
_bBC
_cLIBRO
_d33724000756102
_eLIBRO
_fc.2
_h64695
_i84770
_si
949 _a641.1 H38Y
_bBC
_cLIBRO
_d33724000769147
_eLIBRO
_gI.12509
_h64667
_i84770
_si
999 _c74238
_d74238